Nueva guía del Museo del Prado
Uloženo v:
| Hlavní autor: | |
|---|---|
| Médium: | Kniha |
| Jazyk: | španělština |
| Vydáno: |
Madrid
Mayfe
1965
|
| Vydání: | 1a. ed |
| Témata: | |
| Tagy: |
Přidat tag
Žádné tagy, Buďte první, kdo vytvoří štítek k tomuto záznamu!
|
MARC
| LEADER | 00000cam a2200000 a 4500 | ||
|---|---|---|---|
| 001 | UCU2460 | ||
| 003 | CL-VaPUC | ||
| 008 | 960426e19650000SP |||||||||||||||||spa|d | ||
| 082 | 0 | 4 | |a 708.6 |b PAR |2 21 |
| 100 | |a Paredes Herrera, Ovidio-César |e autor |9 346323 | ||
| 245 | 1 | 0 | |a Nueva guía del Museo del Prado |
| 250 | |a 1a. ed | ||
| 300 | |a 174 p | ||
| 942 | |c BK | ||
| 945 | |d 19960426 00:00:00 |a rleighto | ||
| 260 | |a Madrid |b Mayfe |c 1965 | ||
| 600 | 0 | 7 | |a MUSEO DEL PRADO |2 CL-VaPUC |9 319199 |
| 650 | 0 | |a Museos de arte |9 265235 | |
| 650 | 0 | |a Obras de arte |9 337253 | |
| 651 | 0 | |a España |9 254926 | |
| 583 | |a last modification |c 20130924 06:55:14 |k Rodrigo Vera | ||
| 999 | |c 246752 |d 246750 | ||
| 952 | |0 0 |1 0 |4 0 |6 708_600000000000000_PAR_1965 |7 0 |8 A |9 261948 |a BIBARQ |b BIBARQ |d 2019-11-19 |i 3620956 |o 708.6 PAR 1965 |p 3620956 |r 2025-01-20 |w 2019-11-19 |y BK |k ARQ | ||